[Event "FIDE World Cup 2025"]
[Site "Goa, India"]
[Date "2025.11.01"]
[Round "1.41"]
[White "Petrov, Martin"]
[Black "Mekhitarian, Krikor Sevag"]
[Result "1/2-1/2"]
[TimeControl ": 90 minutes for the first 40 moves, followed by 30 minutes for the rest of the gamewith an increment of 30 seconds per move starting from move 1"]
[WhiteFideId "2911086"]
[BlackFideId "2107660"]
[WhiteElo "2540"]
[BlackElo "2545"]

1. e4 {[%clk 01:30:53]} {[%emt 00:00:06]} c5 {[%clk 01:30:55]} {[%emt
00:00:06]} 2. Nf3 {[%clk 01:31:17]} {[%emt 00:00:06]} d6 {[%clk 01:31:21]}
{[%emt 00:00:05]} 3. d4 {[%clk 01:31:16]} {[%emt 00:00:30]} cxd4 {[%clk
01:31:47]} {[%emt 00:00:05]} 4. Nxd4 {[%clk 01:31:41]} {[%emt 00:00:05]} Nf6
{[%clk 01:32:13]} {[%emt 00:00:05]} 5. Nc3 {[%clk 01:32:05]} {[%emt 00:00:06]}
a6 {[%clk 01:32:39]} {[%emt 00:00:04]} 6. f3 {[%clk 01:31:56]} {[%emt
00:00:37]} e5 {[%clk 01:33:00]} {[%emt 00:00:10]} 7. Nb3 {[%clk 01:32:20]}
{[%emt 00:00:06]} Be6 {[%clk 01:33:16]} {[%emt 00:00:15]} 8. Be3 {[%clk
01:32:44]} {[%emt 00:00:06]} h5 {[%clk 01:33:10]} {[%emt 00:00:35]} 9. Qd2
{[%clk 01:32:31]} {[%emt 00:00:44]} Nbd7 {[%clk 01:33:14]} {[%emt 00:00:27]} 10.
Nd5 {[%clk 01:31:31]} {[%emt 00:01:29]} Bxd5 {[%clk 01:32:09]} {[%emt
00:01:36]} 11. exd5 {[%clk 01:31:55]} {[%emt 00:00:07]} g6 {[%clk 01:32:32]}
{[%emt 00:00:06]} 12. Be2 {[%clk 01:29:30]} {[%emt 00:02:54]} Bg7 {[%clk
01:32:22]} {[%emt 00:00:41]} 13. O-O {[%clk 01:29:52]} {[%emt 00:00:06]} b6
{[%clk 01:31:37]} {[%emt 00:01:16]} 14. Rad1 {[%clk 01:30:16]} {[%emt
00:00:06]} h4 {[%clk 01:30:29]} {[%emt 00:01:39]} 15. Qb4 {[%clk 01:14:22]}
{[%emt 00:16:24]} Qc7 {[%clk 01:27:13]} {[%emt 00:03:46]} 16. c3 {[%clk
01:14:30]} {[%emt 00:00:21]} Kf8 {[%clk 00:58:42]} {[%emt 00:29:01]} 17. Bf2
{[%clk 00:58:23]} {[%emt 00:16:37]} Nh5 {[%clk 00:48:57]} {[%emt 00:10:16]} 18.
Rfe1 {[%clk 00:58:46]} {[%emt 00:00:07]} Nf4 {[%clk 00:47:04]} {[%emt
00:02:23]} 19. Bf1 {[%clk 00:59:09]} {[%emt 00:00:06]} Bf6 {[%clk 00:24:44]}
{[%emt 00:22:50]} 20. Nd2 {[%clk 00:45:01]} {[%emt 00:14:38]} b5 {[%clk
00:12:13]} {[%emt 00:13:01]} 21. a4 {[%clk 00:42:05]} {[%emt 00:03:26]} bxa4
{[%clk 00:04:24]} {[%emt 00:08:19]} 22. Nc4 {[%clk 00:41:22]} {[%emt 00:01:13]}
Be7 {[%clk 00:04:20]} {[%emt 00:00:34]} 23. Nxe5 {[%clk 00:25:12]} {[%emt
00:16:40]} Nxe5 {[%clk 00:03:25]} {[%emt 00:01:25]} 24. Qxf4 {[%clk 00:25:37]}
{[%emt 00:00:05]} a3 {[%clk 00:03:34]} {[%emt 00:00:22]} 25. bxa3 {[%clk
00:23:04]} {[%emt 00:03:02]} h3 {[%clk 00:03:00]} {[%emt 00:01:04]} 26. Bd4
{[%clk 00:18:16]} {[%emt 00:05:19]} hxg2 {[%clk 00:03:09]} {[%emt 00:00:21]} 27.
Bxg2 {[%clk 00:18:34]} {[%emt 00:00:11]} Rh5 {[%clk 00:02:34]} {[%emt
00:01:06]} 28. Qd2 {[%clk 00:06:37]} {[%emt 00:12:27]} Bf6 {[%clk 00:02:34]}
{[%emt 00:00:30]} 29. f4 {[%clk 00:07:02]} {[%emt 00:00:05]} Nd7 {[%clk
00:02:40]} {[%emt 00:00:24]} 30. Bf3 {[%clk 00:07:20]} {[%emt 00:00:12]} Rh4
{[%clk 00:02:28]} {[%emt 00:00:43]} 31. h3 {[%clk 00:04:44]} {[%emt 00:03:07]}
Rxh3 {[%clk 00:01:36]} {[%emt 00:01:22]} 32. Kg2 {[%clk 00:05:09]} {[%emt
00:00:05]} Rh4 {[%clk 00:01:12]} {[%emt 00:00:55]} 33. Kg3 {[%emt 00:00:55]}
Rh8 {[%clk 00:01:26]} 34. Rh1 {[%clk 00:00:59]} {[%emt 00:04:30]} Kg7 {[%clk
00:01:33]} {[%emt 00:00:23]} 35. Rde1 {[%clk 00:01:13]} {[%emt 00:00:15]} Bxd4
{[%clk 00:01:28]} {[%emt 00:00:36]} 36. Qxd4+ {[%clk 00:01:37]} {[%emt
00:00:06]} Nf6 {[%clk 00:01:55]} {[%emt 00:00:02]} 37. f5 {[%clk 00:01:31]}
{[%emt 00:00:36]} Rxh1 {[%clk 00:00:47]} {[%emt 00:01:39]} 38. Rxh1 {[%clk
00:01:54]} {[%emt 00:00:07]} Qe7 {[%emt 00:01:29]} 39. Qf4 {[%clk 00:01:17]}
Rh8 {[%clk 00:01:07]} {[%emt 00:00:18]} 40. Rxh8 {[%clk 00:00:59]} {[%emt
00:00:48]} Kxh8 {[%clk 00:01:33]} {[%emt 00:00:04]} 41. fxg6 {[%clk 00:27:15]}
{[%emt 00:04:14]} fxg6 {[%clk 00:27:01]} {[%emt 00:05:03]} 42. Qh6+ {[%clk
00:26:06]} {[%emt 00:01:38]} Kg8 {[%clk 00:23:43]} {[%emt 00:03:48]} 43. Qxg6+
{[%clk 00:26:21]} {[%emt 00:00:15]} Qg7 {[%clk 00:23:51]} {[%emt 00:00:23]} 44.
Qxg7+ {[%clk 00:25:02]} {[%emt 00:01:49]} Kxg7 {[%clk 00:24:19]} {[%emt
00:00:02]} 45. Kf4 {[%clk 00:24:06]} {[%emt 00:01:25]} Kf8 {[%clk 00:24:32]}
{[%emt 00:00:17]} 46. Ke3 {[%clk 00:22:39]} {[%emt 00:01:57]} Ke7 {[%clk
00:24:43]} {[%emt 00:00:20]} 47. Kd4 {[%clk 00:23:02]} {[%emt 00:00:07]} Kd8
{[%clk 00:24:33]} {[%emt 00:00:39]} 48. a4 {[%clk 00:20:35]} {[%emt 00:02:58]}
Nd7 {[%clk 00:23:09]} {[%emt 00:01:55]} 49. a5 {[%clk 00:17:41]} {[%emt
00:03:23]} Nc5 {[%clk 00:22:28]} {[%emt 00:01:10]} 50. Kc4 {[%clk 00:17:58]}
{[%emt 00:00:13]} Kc7 {[%clk 00:22:51]} {[%emt 00:00:08]} 51. Be2 {[%clk
00:18:13]} {[%emt 00:00:15]} Kb7 {[%clk 00:23:05]} {[%emt 00:00:16]} 52. Kb4
{[%clk 00:14:36]} {[%emt 00:04:07]} Ka7 {[%clk 00:23:26]} {[%emt 00:00:10]} 53.
Kc4 {[%clk 00:14:14]} {[%emt 00:00:51]} Kb7 {[%clk 00:23:53]} {[%emt 00:00:04]}
54. Bg4 {[%clk 00:14:08]} {[%emt 00:00:35]} Kc7 {[%clk 00:24:13]} {[%emt
00:00:11]} 55. Bh5 {[%clk 00:14:28]} {[%emt 00:00:09]} Nb7 {[%clk 00:24:21]}
{[%emt 00:00:22]} 56. Kb4 {[%clk 00:14:52]} {[%emt 00:00:06]} Nc5 {[%clk
00:24:49]} {[%emt 00:00:02]} 57. Be8 {[%clk 00:15:03]} {[%emt 00:00:18]} Kb7
{[%clk 00:24:18]} {[%emt 00:01:02]} 58. Bc6+ {[%clk 00:14:59]} {[%emt
00:00:33]} Kb8 {[%clk 00:24:09]} {[%emt 00:00:40]} 59. Kc4 {[%clk 00:13:49]}
{[%emt 00:01:40]} 1/2-1/2

[Event "FIDE World Cup 2025"]
[Site "Goa, India"]
[Date "2025.11.01"]
[Round "1.42"]
[White "Nogerbek, Kazybek"]
[Black "Raja, Rithvik R"]
[Result "1/2-1/2"]
[TimeControl ": 90 minutes for the first 40 moves, followed by 30 minutes for the rest of the gamewith an increment of 30 seconds per move starting from move 1"]
[WhiteFideId "13710427"]
[BlackFideId "35007394"]
[WhiteElo "2543"]
[BlackElo "2541"]

1. e4 {[%clk 01:30:57]} {[%emt 00:00:01]} e5 {[%clk 01:30:49]} {[%emt
00:00:12]} 2. Nf3 {[%clk 01:31:19]} {[%emt 00:00:08]} Nc6 {[%clk 01:31:15]}
{[%emt 00:00:05]} 3. Bb5 {[%clk 01:30:35]} {[%emt 00:01:14]} a6 {[%clk
01:31:22]} {[%emt 00:00:23]} 4. Bxc6 {[%clk 01:30:13]} {[%emt 00:00:52]} dxc6
{[%clk 01:31:45]} {[%emt 00:00:08]} 5. O-O {[%clk 01:30:31]} {[%emt 00:00:11]}
f6 {[%clk 01:22:58]} {[%emt 00:09:17]} 6. d4 {[%clk 01:29:35]} {[%emt
00:01:26]} exd4 {[%clk 01:23:21]} {[%emt 00:00:07]} 7. Nxd4 {[%clk 01:28:51]}
{[%emt 00:01:13]} Ne7 {[%clk 01:16:31]} {[%emt 00:07:20]} 8. Nb3 {[%clk
01:25:15]} {[%emt 00:04:07]} Qxd1 {[%clk 01:09:10]} 9. Rxd1 {[%clk 01:25:22]}
{[%emt 00:08:13]} Ng6 {[%clk 01:09:20]} {[%emt 00:00:20]} 10. Be3 {[%clk
01:13:38]} {[%emt 00:12:14]} b6 {[%clk 01:03:31]} {[%emt 00:06:19]} 11. Nc3
{[%clk 01:11:17]} {[%emt 00:02:49]} Bd7 {[%clk 00:59:50]} {[%emt 00:04:13]} 12.
Nd4 {[%clk 01:01:26]} {[%emt 00:10:20]} O-O-O {[%clk 00:55:24]} {[%emt
00:04:56]} 13. h3 {[%clk 00:57:33]} {[%emt 00:04:23]} h5 {[%clk 00:48:37]}
{[%emt 00:07:17]} 14. f4 {[%clk 00:53:03]} {[%emt 00:05:00]} Bb4 {[%clk
00:41:08]} {[%emt 00:07:59]} 15. Nde2 {[%clk 00:49:17]} {[%emt 00:04:16]} Rde8
{[%clk 00:38:13]} {[%emt 00:03:25]} 16. a3 {[%clk 00:44:43]} {[%emt 00:05:04]}
Bxc3 {[%clk 00:25:49]} {[%emt 00:12:54]} 17. Nxc3 {[%clk 00:44:04]} {[%emt
00:01:09]} c5 {[%clk 00:26:07]} {[%emt 00:00:13]} 18. Re1 {[%clk 00:37:12]}
{[%emt 00:07:22]} Bc6 {[%clk 00:25:06]} {[%emt 00:01:31]} 19. Bd2 {[%clk
00:36:21]} {[%emt 00:01:22]} Rd8 {[%clk 00:24:07]} {[%emt 00:01:28]} 20. Re2
{[%clk 00:34:03]} {[%emt 00:02:48]} Rhe8 {[%clk 00:23:50]} {[%emt 00:00:47]} 21.
Rae1 {[%clk 00:29:08]} {[%emt 00:05:25]} Nf8 {[%clk 00:20:54]} {[%emt
00:03:26]} 22. f5 {[%clk 00:25:29]} {[%emt 00:04:09]} Nd7 {[%clk 00:20:47]}
{[%emt 00:00:37]} 23. Bf4 {[%clk 00:24:02]} {[%emt 00:01:57]} Ne5 {[%clk
00:20:39]} {[%emt 00:00:38]} 24. Nb1 {[%clk 00:21:04]} {[%emt 00:03:29]} Bb5
{[%clk 00:11:33]} {[%emt 00:09:36]} 25. Rd2 {[%clk 00:08:21]} {[%emt 00:13:12]}
Bd7 {[%clk 00:10:32]} {[%emt 00:01:31]} 26. Bxe5 {[%clk 00:05:12]} {[%emt
00:03:39]} Rxe5 {[%clk 00:10:57]} {[%emt 00:00:05]} 27. Kf2 {[%clk 00:05:36]}
{[%emt 00:00:06]} Rde8 {[%clk 00:09:21]} {[%emt 00:02:07]} 28. Rde2 {[%clk
00:06:00]} {[%emt 00:00:06]} Bb5 {[%clk 00:08:52]} {[%emt 00:00:58]} 29. Re3
{[%clk 00:06:19]} {[%emt 00:00:11]} Rd8 {[%clk 00:09:09]} {[%emt 00:00:13]} 30.
g4 {[%clk 00:05:10]} {[%emt 00:01:39]} hxg4 {[%clk 00:07:27]} {[%emt 00:02:12]}
31. hxg4 {[%clk 00:05:39]} {[%emt 00:00:01]} Bc6 {[%clk 00:05:52]} {[%emt
00:02:05]} 32. R3e2 {[%clk 00:03:16]} {[%emt 00:02:53]} Bb5 {[%clk 00:05:45]}
{[%emt 00:00:37]} 33. Re3 {[%clk 00:03:41]} {[%emt 00:00:06]} Bc6 {[%clk
00:05:04]} {[%emt 00:01:11]} 34. R3e2 {[%clk 00:01:48]} {[%emt 00:02:23]} Bb5
{[%clk 00:04:47]} {[%emt 00:00:47]} 35. Re3 {[%clk 00:02:11]} {[%emt 00:00:07]}
1/2-1/2

[ePGN "0.1;DGT LiveChess/2.2.6"]

[Event "FIDE World Cup 2025"]
[Site "Goa, India"]
[Date "2025.11.02"]
[Round "2.1"]
[White "Erdogmus, Yagiz Kaan"]
[Black "Abugenda, Nagi"]
[Result "1-0"]
[TimeControl ": 90 minutes for the first 40 moves, followed by 30 minutes for the rest of the gamewith an increment of 30 seconds per move starting from move 1"]
[WhiteFideId "44599790"]
[BlackFideId "9202544"]
[WhiteElo "2651"]
[BlackElo "1972"]

1. d4 {[%clk 01:30:57]} {[%emt 00:00:03]} Nf6 {[%clk 01:30:27]} {[%emt
00:00:33]} 2. c4 {[%clk 01:31:22]} {[%emt 00:00:06]} g6 {[%clk 01:30:20]}
{[%emt 00:00:36]} 3. g3 {[%clk 01:30:04]} {[%emt 00:01:49]} d5 {[%clk
01:29:50]} {[%emt 00:00:58]} 4. cxd5 {[%clk 01:27:20]} {[%emt 00:03:15]} Nxd5
{[%clk 01:28:44]} {[%emt 00:01:35]} 5. Bg2 {[%clk 01:25:42]} {[%emt 00:02:08]}
Bg7 {[%clk 01:27:59]} {[%emt 00:01:16]} 6. e4 {[%clk 01:19:08]} {[%emt
00:07:04]} Nb6 {[%clk 01:27:13]} {[%emt 00:01:16]} 7. Ne2 {[%clk 01:19:30]}
{[%emt 00:00:08]} O-O {[%clk 01:26:29]} {[%emt 00:01:14]} 8. O-O {[%clk
01:17:41]} {[%emt 00:02:19]} Nc6 {[%clk 01:20:51]} {[%emt 00:06:08]} 9. d5
{[%clk 01:10:20]} {[%emt 00:07:51]} Na5 {[%clk 01:16:01]} {[%emt 00:05:20]} 10.
Nbc3 {[%clk 01:00:11]} {[%emt 00:10:40]} c6 {[%clk 01:11:45]} {[%emt 00:04:45]}
11. b3 {[%clk 00:56:26]} {[%emt 00:04:15]} cxd5 {[%clk 01:06:42]} {[%emt
00:05:33]} 12. exd5 {[%clk 00:56:49]} {[%emt 00:00:06]} Bg4 {[%clk 01:02:23]}
{[%emt 00:04:51]} 13. f3 {[%clk 00:53:25]} {[%emt 00:03:54]} Bf5 {[%clk
00:56:38]} {[%emt 00:06:14]} 14. Be3 {[%emt 00:28:49]} Qd6 {[%clk 00:45:43]} 15.
g4 {[%clk 00:25:50]} {[%emt 00:11:12]} Bd7 {[%clk 00:39:08]} {[%emt 00:07:04]}
16. Ne4 {[%clk 00:23:20]} {[%emt 00:03:01]} Qb4 {[%clk 00:15:44]} {[%emt
00:23:54]} 17. Bc5 {[%clk 00:22:01]} {[%emt 00:01:49]} Qb5 {[%clk 00:14:27]}
{[%emt 00:01:48]} 18. Rb1 {[%clk 00:20:17]} {[%emt 00:02:13]} Nc8 {[%clk
00:08:17]} {[%emt 00:06:40]} 19. Bf2 {[%clk 00:15:02]} {[%emt 00:05:45]} b6
{[%clk 00:07:05]} {[%emt 00:01:42]} 20. N2c3 {[%clk 00:13:43]} {[%emt
00:01:49]} Qa6 {[%clk 00:06:55]} {[%emt 00:00:40]} 21. Qd2 {[%clk 00:11:01]}
{[%emt 00:03:12]} Rd8 {[%clk 00:05:39]} {[%emt 00:01:45]} 22. Rfe1 {[%clk
00:11:16]} {[%emt 00:00:16]} Be8 {[%clk 00:04:20]} {[%emt 00:01:49]} 23. Bf1
{[%clk 00:11:42]} {[%emt 00:00:04]} b5 {[%clk 00:03:18]} {[%emt 00:01:32]} 24.
Nc5 {[%clk 00:11:10]} {[%emt 00:01:02]} Qf6 {[%clk 00:01:10]} {[%emt 00:02:36]}
25. N3e4 {[%clk 00:11:33]} {[%emt 00:00:09]} Qxf3 {[%clk 00:00:58]} {[%emt
00:00:41]} 26. h3 {[%clk 00:10:45]} {[%emt 00:01:20]} Nd6 {[%clk 00:00:37]}
{[%emt 00:00:52]} 27. Bg2 {[%clk 00:11:05]} {[%emt 00:00:09]} 1-0

[Event "FIDE World Cup 2025"]
[Site "Goa, India"]
[Date "2025.11.02"]
[Round "2.2"]
[White "Li, Yiheng"]
[Black "Xiong, Jeffery"]
[Result "1/2-1/2"]
[TimeControl ": 90 minutes for the first 40 moves, followed by 30 minutes for the rest of the gamewith an increment of 30 seconds per move starting from move 1"]
[WhiteFideId "6006760"]
[BlackFideId "2047640"]
[WhiteElo "1994"]
[BlackElo "2648"]

1. e4 {[%clk 01:30:57]} {[%emt 00:00:02]} c5 {[%clk 01:30:49]} {[%emt
00:00:10]} 2. Nf3 {[%clk 01:31:19]} {[%emt 00:00:09]} d6 {[%clk 01:31:07]}
{[%emt 00:00:11]} 3. d4 {[%clk 01:31:42]} {[%emt 00:00:07]} Nf6 {[%clk
01:31:26]} {[%emt 00:00:14]} 4. Nc3 {[%clk 01:32:02]} {[%emt 00:00:07]} cxd4
{[%clk 01:31:50]} {[%emt 00:00:07]} 5. Nxd4 {[%clk 01:32:23]} {[%emt 00:00:09]}
a6 {[%clk 01:32:06]} {[%emt 00:00:13]} 6. h3 {[%clk 01:32:36]} {[%emt
00:00:18]} e5 {[%clk 01:31:58]} {[%emt 00:00:38]} 7. Nde2 {[%clk 01:32:52]}
{[%emt 00:00:15]} h5 {[%clk 01:32:05]} {[%emt 00:00:21]} 8. Bg5 {[%clk
01:33:13]} {[%emt 00:00:10]} Be7 {[%clk 01:31:09]} {[%emt 00:01:26]} 9. Ng3
{[%clk 01:33:24]} {[%emt 00:00:20]} g6 {[%clk 01:31:17]} {[%emt 00:00:19]} 10.
Bc4 {[%clk 01:28:09]} {[%emt 00:05:46]} Be6 {[%clk 01:31:32]} {[%emt 00:00:15]}
11. Bb3 {[%clk 01:26:45]} {[%emt 00:01:53]} Nc6 {[%clk 01:30:24]} {[%emt
00:01:39]} 12. Nf1 {[%clk 01:20:43]} {[%emt 00:06:35]} Nd4 {[%clk 01:25:08]}
{[%emt 00:05:43]} 13. Ne3 {[%clk 01:18:48]} {[%emt 00:02:26]} O-O {[%clk
01:22:12]} {[%emt 00:03:24]} 14. Bxf6 {[%clk 01:14:21]} {[%emt 00:04:58]} Bxf6
{[%clk 01:22:02]} {[%emt 00:00:39]} 15. O-O {[%clk 01:14:39]} {[%emt 00:00:13]}
Bg5 {[%clk 01:20:24]} {[%emt 00:02:11]} 16. Ncd5 {[%clk 01:12:38]} {[%emt
00:02:29]} b5 {[%clk 01:17:31]} {[%emt 00:03:21]} 17. c3 {[%clk 01:03:45]}
{[%emt 00:09:25]} Nxb3 {[%clk 01:17:03]} {[%emt 00:00:58]} 18. axb3 {[%clk
01:04:06]} {[%emt 00:00:09]} a5 {[%emt 00:06:19]} 19. Qd3 {[%clk 00:59:38]}
{[%emt 00:00:01]} Qb8 {[%clk 01:16:07]} {[%emt 00:00:33]} 20. b4 {[%clk
00:55:40]} {[%emt 00:04:30]} Bxe3 {[%clk 01:12:30]} {[%emt 00:04:07]} 21. Nxe3
{[%clk 00:50:42]} {[%emt 00:05:25]} axb4 {[%clk 01:04:50]} {[%emt 00:08:11]} 22.
cxb4 {[%clk 00:49:39]} {[%emt 00:01:37]} Qb6 {[%clk 01:01:42]} {[%emt
00:03:34]} 23. Nd5 {[%clk 00:47:19]} {[%emt 00:02:57]} Bxd5 {[%clk 01:00:03]}
{[%emt 00:02:03]} 24. Qxd5 {[%clk 00:46:59]} {[%emt 00:00:50]} Ra4 {[%clk
01:00:26]} {[%emt 00:00:07]} 25. Qd2 {[%clk 00:32:00]} {[%emt 00:15:28]} Rxa1
{[%clk 00:57:29]} {[%emt 00:03:28]} 26. Rxa1 {[%clk 00:32:25]} {[%emt
00:00:05]} Rc8 {[%clk 00:57:54]} {[%emt 00:00:05]} 27. Ra3 {[%clk 00:30:24]}
{[%emt 00:02:33]} Rc4 {[%clk 00:49:01]} {[%emt 00:09:20]} 28. Rd3 {[%clk
00:30:08]} {[%emt 00:00:46]} Qc6 {[%clk 00:48:25]} {[%emt 00:01:07]} 29. Rxd6
{[%clk 00:25:53]} {[%emt 00:04:44]} Qxe4 {[%clk 00:48:39]} {[%emt 00:00:16]} 30.
Rd5 {[%clk 00:20:06]} {[%emt 00:06:18]} Rd4 {[%clk 00:47:43]} {[%emt 00:01:26]}
31. Rxd4 {[%clk 00:20:09]} {[%emt 00:00:29]} exd4 {[%clk 00:48:10]} 32. f3
{[%clk 00:13:22]} {[%emt 00:07:17]} Qe5 {[%clk 00:48:19]} {[%emt 00:00:22]} 33.
Kf1 {[%clk 00:11:14]} {[%emt 00:02:37]} Qd6 {[%clk 00:48:19]} {[%emt 00:00:30]}
34. Ke2 {[%clk 00:11:11]} {[%emt 00:00:33]} Kg7 {[%clk 00:47:14]} {[%emt
00:01:35]} 35. Kf2 {[%clk 00:08:29]} {[%emt 00:03:13]} h4 {[%clk 00:46:58]}
{[%emt 00:00:45]} 36. Ke2 {[%clk 00:07:01]} {[%emt 00:01:58]} Kf6 {[%clk
00:43:24]} {[%emt 00:04:05]} 37. Kd3 {[%clk 00:06:40]} {[%emt 00:00:51]} Kf5
{[%clk 00:43:51]} {[%emt 00:00:02]} 38. Qe1 {[%clk 00:02:51]} {[%emt 00:04:18]}
Qd5 {[%clk 00:44:18]} {[%emt 00:00:04]} 39. Qc1 {[%clk 00:01:27]} {[%emt
00:01:54]} Qd7 {[%clk 00:33:05]} {[%emt 00:11:46]} 40. Qe1 {[%clk 00:00:34]}
{[%emt 00:01:20]} Qd5 {[%clk 00:29:59]} {[%emt 00:03:36]} 41. Qc1 {[%clk
00:30:02]} {[%emt 00:01:00]} Qb3+ {[%clk 00:55:55]} {[%emt 00:04:36]} 42. Kxd4
{[%clk 00:30:23]} {[%emt 00:00:12]} Qxb4+ {[%clk 00:56:21]} {[%emt 00:00:02]}
43. Kd5 {[%clk 00:25:09]} {[%emt 00:05:43]} Qb3+ {[%clk 00:53:18]} {[%emt
00:03:33]} 44. Kd4 {[%clk 00:22:36]} {[%emt 00:03:10]} Qb4+ {[%clk 00:50:35]}
{[%emt 00:03:09]} 45. Kd5 {[%clk 00:22:42]} {[%emt 00:00:25]} Qb3+ {[%clk
00:48:34]} {[%emt 00:02:28]} 46. Kd4 {[%clk 00:23:06]} {[%emt 00:00:14]} Qb4+
{[%clk 00:48:50]} {[%emt 00:00:07]} 1/2-1/2

[Event "FIDE World Cup 2025"]
[Site "Goa, India"]
[Date "2025.11.02"]
[Round "2.3"]
[White "Rodshtein, Maxim"]
[Black "Qin, Oscar Shu Xuan"]
[Result "1-0"]
[TimeControl ": 90 minutes for the first 40 moves, followed by 30 minutes for the rest of the gamewith an increment of 30 seconds per move starting from move 1"]
[WhiteFideId "2806851"]
[BlackFideId "4304314"]
[WhiteElo "2647"]
[BlackElo "2078"]

1. Nf3 {[%clk 01:30:49]} {[%emt 00:00:11]} d5 {[%clk 01:30:50]} {[%emt
00:00:10]} 2. g3 {[%clk 01:30:54]} {[%emt 00:00:25]} e6 {[%clk 01:31:08]}
{[%emt 00:00:12]} 3. Bg2 {[%clk 01:30:50]} {[%emt 00:00:35]} c5 {[%clk
01:31:33]} {[%emt 00:00:04]} 4. O-O {[%clk 01:30:18]} {[%emt 00:01:02]} Nc6
{[%clk 01:31:54]} {[%emt 00:00:09]} 5. c4 {[%clk 01:26:04]} {[%emt 00:04:43]}
Nf6 {[%clk 01:31:48]} {[%emt 00:00:36]} 6. cxd5 {[%clk 01:22:45]} {[%emt
00:03:50]} exd5 {[%clk 01:32:16]} {[%emt 00:00:02]} 7. d4 {[%clk 01:22:54]}
{[%emt 00:00:20]} Be7 {[%clk 01:32:16]} {[%emt 00:00:30]} 8. Nc3 {[%clk
01:21:36]} {[%emt 00:01:49]} O-O {[%clk 01:32:40]} {[%emt 00:00:07]} 9. dxc5
{[%clk 01:21:37]} {[%emt 00:00:29]} Bxc5 {[%clk 01:33:07]} {[%emt 00:00:02]} 10.
Na4 {[%clk 01:21:32]} {[%emt 00:00:35]} Be7 {[%clk 01:33:36]} {[%emt 00:00:01]}
11. Be3 {[%clk 01:21:35]} {[%emt 00:00:26]} Bg4 {[%clk 01:33:36]} {[%emt
00:00:30]} 12. Rc1 {[%clk 01:17:00]} {[%emt 00:05:05]} Qd7 {[%clk 01:33:08]}
{[%emt 00:00:59]} 13. a3 {[%clk 01:16:20]} {[%emt 00:01:09]} Rad8 {[%clk
01:26:38]} {[%emt 00:07:00]} 14. Nc5 {[%clk 01:00:53]} {[%emt 00:15:57]} Bxc5
{[%clk 01:26:33]} {[%emt 00:00:35]} 15. Bxc5 {[%clk 01:01:17]} {[%emt
00:00:06]} Rfe8 {[%clk 01:26:46]} {[%emt 00:00:18]} 16. b4 {[%clk 01:01:33]}
{[%emt 00:00:13]} d4 {[%clk 01:18:19]} {[%emt 00:08:57]} 17. b5 {[%clk
00:52:45]} {[%emt 00:09:19]} Bxf3 {[%clk 01:14:26]} {[%emt 00:04:22]} 18. exf3
{[%clk 00:51:32]} {[%emt 00:01:44]} Na5 {[%clk 01:06:30]} {[%emt 00:08:26]} 19.
Bb4 {[%clk 00:48:36]} {[%emt 00:03:26]} b6 {[%clk 01:03:38]} {[%emt 00:03:22]}
20. Qd3 {[%clk 00:48:11]} {[%emt 00:00:54]} Re5 {[%clk 00:41:30]} {[%emt
00:22:38]} 21. a4 {[%clk 00:45:05]} {[%emt 00:03:35]} Nb7 {[%clk 00:40:57]}
{[%emt 00:01:03]} 22. f4 {[%clk 00:45:07]} {[%emt 00:00:28]} Nc5 {[%clk
00:39:57]} {[%emt 00:01:30]} 23. Qa3 {[%clk 00:44:06]} {[%emt 00:01:32]} Rh5
{[%clk 00:34:02]} {[%emt 00:06:25]} 24. Bxc5 {[%clk 00:41:28]} {[%emt
00:03:09]} bxc5 {[%clk 00:33:13]} {[%emt 00:01:19]} 25. Rxc5 {[%clk 00:39:59]}
{[%emt 00:01:59]} Rxc5 {[%clk 00:30:35]} {[%emt 00:03:06]} 26. Qxc5 {[%clk
00:40:23]} {[%emt 00:00:06]} d3 {[%clk 00:30:01]} {[%emt 00:01:04]} 27. Rd1
{[%clk 00:37:36]} {[%emt 00:03:16]} d2 {[%clk 00:27:57]} {[%emt 00:02:35]} 28.
Bf3 {[%clk 00:35:23]} {[%emt 00:02:43]} Qd3 {[%clk 00:25:34]} {[%emt 00:02:52]}
29. Qe3 {[%clk 00:32:53]} {[%emt 00:03:01]} Qc4 {[%clk 00:22:12]} {[%emt
00:03:52]} 30. Qxa7 {[%clk 00:15:54]} {[%emt 00:17:29]} Re8 {[%clk 00:19:27]}
{[%emt 00:03:15]} 31. Qa5 {[%clk 00:15:54]} {[%emt 00:00:30]} Qd3 {[%clk
00:16:00]} {[%emt 00:03:57]} 32. Bg2 {[%clk 00:13:58]} {[%emt 00:02:26]} Rd8
{[%clk 00:13:59]} {[%emt 00:02:32]} 33. Bc6 {[%clk 00:09:11]} {[%emt 00:05:16]}
Qd4 {[%clk 00:10:49]} {[%emt 00:03:40]} 34. Bf3 {[%clk 00:07:37]} {[%emt
00:02:04]} Qd3 {[%clk 00:08:44]} {[%emt 00:02:35]} 35. Bc6 {[%clk 00:06:17]}
{[%emt 00:01:48]} Qd4 {[%clk 00:08:36]} {[%emt 00:00:40]} 36. h3 {[%clk
00:05:56]} {[%emt 00:00:51]} Nh5 {[%clk 00:08:47]} {[%emt 00:00:19]} 37. Kg2
{[%clk 00:04:59]} {[%emt 00:01:26]} Nf6 {[%clk 00:08:47]} {[%emt 00:00:30]} 38.
Kg1 {[%clk 00:03:39]} {[%emt 00:01:49]} Nh5 {[%clk 00:09:13]} {[%emt 00:00:04]}
39. b6 {[%clk 00:01:08]} {[%emt 00:03:01]} Nxg3 {[%clk 00:05:18]} {[%emt
00:04:25]} 40. Qxd2 {[%clk 00:01:22]} {[%emt 00:00:16]} Qxd2 {[%clk 00:02:46]}
{[%emt 00:03:03]} 41. Rxd2 {[%clk 00:01:46]} {[%emt 00:00:06]} Rxd2 {[%clk
00:03:07]} {[%emt 00:00:08]} 42. fxg3 {[%clk 00:01:44]} {[%emt 00:00:33]} Kf8
{[%clk 00:01:48]} {[%emt 00:01:48]} 43. b7 {[%clk 00:01:45]} {[%emt 00:00:29]}
Rb2 {[%clk 00:01:33]} {[%emt 00:00:44]} 44. Bb5 {[%clk 00:02:06]} {[%emt
00:00:09]} 1-0